000 00306nam a22001337a 4500
008 170725b xxu||||| |||| 00| 0 eng d
020 _a9781418835576
041 _aeng
080 _25TH
_a004
100 _a29
101 _aSHK
245 _aMANAGING AND MAINTAINING YOUR PC
_cANDREWS,J
942 _2udc
_cBK
999 _c21883
_d21883